ბათუმის შოთა რუსთაველის სახელმწიფო უნივერსიტეტის ბიბლიოთეკა

ლეპტოსპიროზის ეპედემიოლოგია საქართველოში / (ბიბ.ჩანაწერი № 51763)

000 -ლიდერი
ფიქსირებული სიგრძის საკონტროლო ველი 01402nam a2200253Ia 4500
001 - საკონტროლო ნომერი
საკონტროლო ველი 18755
003 - საკონტროლო ნომრის იდენტიფიკატორი
საკონტროლო ველი GE_BSU
005 - ბოლო ოპერაციის თარიღი და დრო
საკონტროლო ველი 20210412162752.0
008 - ფიქსირებული სიგრძის მონაცემთა ელემენტები - ზოგადი ინფორმაცია
ფიქსირებული სიგრძის საკონტროლო ველი 181216s2015||||ge |||||||||||||| ||geo||
040 ## - კატალოგიზაციის წყარო
Transcribing agency GE_BSU
041 ## - ენის კოდი
Language code of text/sound track or separate title geo
080 ## - უნივერსალური ათობითი კლასიფიკაციის ინდექსი
Universal Decimal Classification number 61 მ-25
100 ## - მთავარი ჩანაწერი - პიროვნების სახელი
Personal name მამუჩიშვილი, ნანა
9 (RLIN) 11230
245 ## - ცნობა სათაურის შესახებ
Title ლეპტოსპიროზის ეპედემიოლოგია საქართველოში /
Statement of responsibility, etc ნანა მამუჩიშვილი; მეცნ. ხელმძღვანელები ი. მჭედლიშვილი. პ. იმნაძე; თბილისის სახ-ლო სამედიცინო უნ-ტი.
264 ## - წარმოების, გამოცემის, დისტრიბუციის და სხვა ცნობები
გამოცემის, წარმოების, დისტრიბუციის... ადგილი თბილისი :
გამოცემის, წარმოების, დისტრიბუციის... სახელწოდება თბილისის სახელმწ. სამედიცინო უნ-ტის გამ-ბა,
გამოცემის, წარმოების, დისტრიბუციის... თარიღი 2015.
300 ## - ფიზიკური აღწერა
Extent 123 გვ.
Other physical details 30 სმ.
653 ## - INDEX TERM--UNCONTROLLED
Uncontrolled term დისერტაცია
653 ## - INDEX TERM--UNCONTROLLED
Uncontrolled term ლეპტოსპიროზის ეპედემიოლოგია საქართველოში
653 ## - INDEX TERM--UNCONTROLLED
Uncontrolled term მედიცინა
700 ## - ADDED ENTRY--PERSONAL NAME
Personal name მჭედლიშვილი, ი.
Relator term მეცნ. ხელმძღვანელი
9 (RLIN) 4853
700 ## - ADDED ENTRY--PERSONAL NAME
Personal name იმნაძე, პ.
Relator term მეცნ. ხელმძღვანელი
9 (RLIN) 11231
710 ## - ADDED ENTRY--CORPORATE NAME
Corporate name or jurisdiction name as entry element თსუ
9 (RLIN) 11232
942 ## - ADDED ENTRY ELEMENTS (KOHA)
Koha item type წიგნი
Source of classification or shelving scheme
ეგზემპლარები
ჩამოწერის სტატუსი დაკარგული ეგზემპლარის სტატუსი კლასიფიკაციის წყარო ან თაროზე გაწყობის სქემა დაზიანების სტატუსი არ გაიცემა მუდმივი მდებარეობა (დაცვის ადგილი) ამჟამინდელი ადგილსამყოფელი თაროზე განთავსების ადგილი შეძენის თარიღი სრული შენახვის შიფრი შტრიხკოდი ბოლო ოპერაციის თარიღი ეგზემპლარის მიმდევრობითი ნომერი (კეტერი?) ფასის ძალაში შესვლის თარიღი ეგზემპლარის სახეობა
          ბათუმის შოთა რუსთაველის სახელმწიფო უნივერსიტეტის მთავარი ბიბლიოთეკა ბათუმის შოთა რუსთაველის სახელმწიფო უნივერსიტეტის მთავარი ბიბლიოთეკა წიგნსაცავი 2018-12-17 61 მ-25 230 დისერტ. 2018-12-17 230 2018-12-17 დისერტაცია